| 000 | 00409 a2200157 4500 | ||
|---|---|---|---|
| 005 | 20250628140728.0 | ||
| 020 | _a978-0-007-133333-7 | ||
| 082 | _a658 TRI | ||
| 100 | _aTRIPATHI P.C | ||
| 245 | _aPrinciples of Management | ||
| 250 | _a5th Ed. | ||
| 260 |
_aChennai _bMcGraw Hill Education (India) Private Limited _c2012 |
||
| 300 |
_axviii; 454Pages; Index _c23cm |
||
| 700 | _aREDDY, P.N | ||
| 942 |
_2ddc _cBKS |
||
| 999 |
_c6046 _d6046 |
||